Sports Quiz

Random Sports or Baseball Quiz

Name the MLB Hall of Famers by Team 4 Quiz Stats

 Plays Quiz not verified by Sporcle

Score 0/33 Timer 09:00
0 Plays Today
Team Hall of Famers % Correct
1956 YankeesWhitey Ford
97.4%
1983 OriolesJim Palmer
96.4%
1909 TigersTy Cobb
93.8%
1971 PiratesWillie Stargell
93.2%
1956 YankeesYogi Berra
91.7%
1956 YankeesEnos Slaughter
91.7%
1983 OriolesEddie Murray
91.1%
1946 CardinalsEnos Slaughter
89.1%
1971 PiratesBill Mazeroski
85.9%
1956 YankeesMickey Mantle
81.8%
1971 PiratesRoberto Clemente
81.8%
1905 GiantsChristy Mathewson
81.3%
1946 CardinalsStan Musial
74.5%
1969 BravesHank Aaron
70.3%
1956 YankeesPhil Rizzuto
68.2%
1969 BravesOrlando Cepeda
65.6%
1969 BravesHoyt Wilhelm
65.6%
Team Hall of Famers % Correct
1932 CubsRogers Hornsby
64.6%
1919 White SoxEddie Collins
61.5%
1946 CardinalsRed Schoendienst
57.8%
1983 OriolesCal Ripken, Jr.
57.3%
1909 TigersSam Crawford
57.3%
1932 CubsGabby Hartnett
54.2%
1932 CubsBilly Herman
53.1%
1969 BravesPhil Niekro
52.1%
1919 White SoxRay Schalk
47.4%
1905 GiantsJohn McGraw (Player-Mgr.)
41.1%
1919 White SoxRed Faber
40.6%
1905 GiantsJoe McGinnity
39.6%
1905 GiantsRoger Bresnahan
38.5%
1932 CubsKiki Cuyler
38.5%
1932 CubsBurleigh Grimes
37%
1909 TigersHughie Jennings (Player-Mgr.)
23.4%

You're not logged in!

Compare scores with friends on all Sporcle quizzes.
OR
Log In

Show Comments

Extras

Top Quizzes Today


Score Distribution

Your Account Isn't Verified!

In order to create a playlist on Sporcle, you need to verify the email address you used during registration. Go to your Sporcle Settings to finish the process.

Report this User

Report this user for behavior that violates our Community Guidelines.

Details: